000
00199nam a22000977a 4500
999
_c
15959
_d
15959
003
OSt
008
191024b ||||| |||| 00| 0 eng d
100
_a
Peter,K C.
_9
4431
245
_a
Sahara
942
_c
BK